[Event "HSG Open 2017"]
[Site "Hilversum NED"]
[Date "2017.06.25"]
[Round "5"]
[White "Witt, Rob"]
[Black "Mesman, Edwyn"]
[Result "1-0"]
[WhiteElo "2152"]
[BlackElo "2034"]
[Annotator "Witt"]
[PlyCount "77"]
[EventDate "2017.06.23"]

{De 5e ronde begon zondag om 9:30 uur zodat ik vroeg de deur uit moest.
Aangekomen in Hilversum bleek er flinke lekkage te zijn in de speelzaal. De
start van de ronde werd in eerste instantie uitgesteld tot 10:00 uur, maar
uiteindelijk begonen we pas om 10:30 uur. Mijn jonge tegenstander heeft een
lage rating maar ik wist dat hij eerder deze maand opzien baarde in het sterke
Limburg Open met een gedeelde 4e/5e plaats. Van onderschatting was dus geen
sprake. Ik zie nu dat zijn 1 juli rating inmiddels 2230 bedraagt.} 1. d4 Nf6 2.
c4 g6 3. Nc3 Bg7 4. g3 {Edwyn vertelde na afloop dat hij van alles had
voorbereid tegen zijn KID behalve opstellingen met g3 want die had hij mij
nooit zien spelen.} O-O 5. Bg2 d6 6. e3 {Doel bereikt. Hij is uit zijn
voorbereiding en denkt nu een kwartier na.} Nbd7 7. Nge2 e5 8. O-O {Deze
opstelling speel ik wel eens met verwisselde kleuren tegen het Frans met d3.
Het geeft geen voordeel maar ik was tevreden met een speelstelling en
wederzijdse kansen.} a6 9. b3 Rb8 10. a4 Nh5 11. a5 ({Er was ook iets te
zeggen voor} 11. g4 Nhf6 12. h3 {maar ik houd mijn koningsstelling liever
solide.}) 11... f5 12. f4 {De engine is niet enthousiast over deze zet, maar
ik wilde geen gerommel met f5-f4 motieven.} (12. dxe5 dxe5 13. Ba3 {was het
alternatief.}) 12... e4 $6 {Ik had verwacht dat zwart de spanning zou
handhaven en dat lijkt me ook beter.} 13. Qc2 ({De engine suggereert} 13. g4 $5
{maar daar heb ik geen seconde over nagedacht. Het lijkt eigenlijk wel logisch.
}) 13... c5 14. Rd1 b5 $2 ({Beter was} 14... b6 {waarna we waarschijnlijk weer
in de partij terecht komen.}) 15. axb6 $2 ({Ik had kunnen profiteren met} 15.
cxb5 axb5 16. Nxb5 $1 {Totaal gemist door beide spelers.}) 15... Qxb6 16. Rb1 (
{Michael suggereerde} 16. Ra3 {en daar staat de toren ogenschijnlijk wat
aktiever. Maar ik wilde in sommige stellingen La3 bij de hand hebben.}) 16...
Nhf6 17. Na4 Qc7 18. Bd2 ({Ik dacht ook lang na over} 18. dxc5 Nxc5 19. Nxc5
dxc5 20. Bb2 Ng4 21. Bxg7 {maar ik kon de stelling niet goed beoordelen.
Waarschijnlijk is het iets beter voor wit omdat ik snel een paard naar d5 kan
werken en mijn 'begraven loper' kan naar e2 om een eventueel g4 te
ondersteunen.}) 18... cxd4 {Die kwam voor mij onverwacht maar het is de beste
zet.} 19. Nxd4 Nc5 {Hier heb ik lang nagedacht. Ik wilde niet ruilen op c5 en
ook geen paard toelaten op d3. Uiteindelijk koos ik voor} 20. Nb2 ({Mijn
eerste gedachte was} 20. Qa2 {waarna veld c2 vrijkomt voor mijn paard en ik
eventueel kan vervolgen met Pxc5 en La5. Maar ik vertrouwde het niet na} Nd3
21. Nb2 Nb4 {Misschien kan zwart ook op d3 laten slaan.} 22. Bxb4 Rxb4 {
Maar misschien heeft wit toch wel een plusje na} 23. Na4 Bd7 24. Nc3) 20... Bd7
21. b4 Ne6 22. Nxe6 Bxe6 {Wit moet nu rekening houden met Pd5 en d5 motieven.
Ik geloof dat we hier allebei nog 20 minuten hadden. Mijn 'hangende pionnen'
op b4 en c4 baarden me toch een beetje zorgen.} 23. Rdc1 ({Ik zou graag een
loper naar d4 willen spelen, maar na} 23. Bc3 {dacht ik problemen te hebben na}
Ng4 24. Bxg7 Nxe3 (24... Qxg7 25. Qb3 {leek me wel okay omdat ik veld d4 voor
een toren heb.}) 25. Qd2 Nxd1 26. Bxf8 Nxb2 {ik miste hier echter} 27. Qxd6 {
en het staat ongeveer gelijk.}) 23... Rfc8 24. Qd1 {Gauw uit de penning.} ({
Maar kennelijk had ik hier toch} 24. Bf1 {moeten spelen, want} Nd5 {is niet
zo'n probleem na} 25. Na4) 24... Nd7 {Snel gespeeld. Misschien waren hier
betere zetten.} 25. Bf1 Qa7 26. Na4 Rc7 27. Kf2 Rbc8 28. Bc3 {Eindelijk heb ik
deze loper geaktiveerd. Mijn pion c4 staat indirekt gedekt. Hierna hebben
beide spelers een blackout. Zwart sloeg na een minuutje} Bxc4 $2 {Een blunder
dacht ik en ik sloeg a tempo} 29. Bxg7 $2 ({De weerlegging is natuurlijk} 29.
Bxc4+ Rxc4 30. Qd5+ {met stukwinst.}) 29... Bxf1 $2 {A tempo de zet die ik
verwacht had.} ({Thuis zag ik pas dat ik helemaal geen stuk win na} 29... Kxg7
{zwart staat zelfs beter na} 30. Qxd6 Bxf1 31. Rxc7 Qxc7 32. Qxc7 Rxc7 33. Kxf1
) 30. Bd4 $1 $18 {Ik zag zijn gezicht betrekken.} Rxc1 31. Rxc1 Rxc1 32. Qxc1
Qb7 33. Qxf1 Qxb4 {De rest is niet interessant. Er volgde nog} 34. Qd1 Kf7 35.
Bc3 Qc4 36. Qd4 Qa2+ 37. Nb2 Qb1 38. Qd1 Qa2 39. Qxd6 {En ik kreeg een slap
handje. Er was nu nog maar een half uurtje pauze tot de laatste ronde.} 1-0

[Event "HSG Open 2017"]
[Site "Hilversum"]
[Date "2017.06.25"]
[Round "6"]
[White "Galje, Hans"]
[Black "Witt, Rob"]
[Result "1/2-1/2"]
[WhiteElo "2102"]
[BlackElo "2152"]
[Annotator "Witt"]
[PlyCount "70"]
[EventDate "2017.??.??"]
[WhiteClock "0:10:49"]
[BlackClock "0:31:18"]

{Voor de laatste ronde had ik een relatief gunstige loting. Ik voelde echter
na de zware ochtendpartij dat ik te moe was om goed te spelen en hoopte er
maar het beste van.} 1. d4 Nf6 2. c4 e6 3. Nc3 Bb4 4. e3 {Voor de 2e keer
Nimzo-indisch met 4.e3 in dit toernooi terwijl ik dat de laatste jaren niet
vaak op het bord krijg.} O-O 5. Nge2 d5 {Die floepte er zomaar uit terwijl ik
eigenlijk een andere aanpak wilde spelen.} (5... c6 {heb ik eerder gespeeld.})
({en} 5... Re8 {is een interessante variant die ik een tijdje geleden bekeken
heb.}) 6. a3 Bd6 7. Ng3 {Ik kon me hierna niets van de theorie herinneren.} b6
{Minder gebruikelijk. En een paar zetten later kreeg ik het idee dat deze zet
totaal niet in dit systeem thuis hoorde. Het blijkt echter toch wel door
sterke spelers gespeeld te zijn, o.a. Eljanov.} 8. cxd5 exd5 9. Bd3 Re8 10. O-O
c6 {Beetje rare zet.} ({Beter was gewoon} 10... Bb7 11. b4 a6) 11. Qc2 g6 {
Stockfish vindt dat wit niks heeft na Lxg3 en La6 of zelfs meteen La6.} 12. f3
{Hans gaat zorgvuldig e4 voorbereiden. Dat zou ook meteen kunnen. De komende
zetten probeer ik e4 te verhinderen door druk op d4 te houden.} Bf8 13. b4 Bb7
(13... a5 $5) 14. Qf2 Qd7 (14... a5 $5) 15. h3 (15. e4 $2 dxe4 16. fxe4 Ng4)
15... Rd8 16. Bb2 Bg7 17. Nce2 Ne8 {Ik had tijdens de partij het idee dat ik
verschrikkelijk slecht zat te spelen. Maar achteraf valt het eigenlijk wel mee.
Wit staat maar iets beter.} 18. Rab1 a5 {Eindelijk speel ik deze zet. Maar
misschien waren hier wel betere zetten.} (18... Nd6) (18... Ba6) 19. e4 Ba6 {
Ik weet niet waarom ik niet eerst op b4 ruilde.} (19... axb4 20. axb4 Ba6 21.
Bxa6 Nxa6) 20. Bxa6 Rxa6 ({Nu is} 20... Nxa6 {minder wegens} 21. bxa5) 21. e5
axb4 22. axb4 f5 $6 {Ik maakte me wat zorgen over de opmars f3-f4-f5, maar ik
had beter kunnen kunnen wachten tot dat wit f4 gespeeld heeft.} 23. Nf4 {
Hier staat wit beter.} Nc7 24. Nge2 Qe7 25. Nd3 Nb5 26. Ra1 Rd7 27. Nc3 Rda7 $2
{Een slechte beslissing. Ik geloof dat ik droomde van een stelling zonder
torens en mijn dame op c4. Zover komt het echter niet.} (27... Nxc3 28. Bxc3
Rda7) 28. Nxb5 cxb5 $2 {en hier had ik beter eerst de torens kunnen ruilen.}
29. Nf4 $2 ({Veel beter was} 29. Rac1 $1 {en ik ben in grote problemen.}) 29...
Rxa1 30. Rxa1 Rxa1+ 31. Bxa1 Qd7 $2 {Al weer een rotte.} ({Noodzakelijk was} 
31... Qxb4 32. Nxd5 Qc4 {En deze stelling is veel verradelijker dan je op het
eerste gezicht zou denken. Een mogelijke computervariant is} 33. Nf6+ {het
beste volgens Stockfish.} Bxf6 34. exf6 Qc1+ 35. Kh2 $1 (35. Qf1 $2 Qxf1+ 36.
Kxf1 Nd7 {is beter voor zwart.}) 35... Qc7+ ({Vooral niet} 35... Qxa1 $2 36.
Qe3 {met winst.}) 36. Kg1 {met wederzijdse kansen als zwart niet voor
zetherhaling kist.}) 32. Qc2 $2 ({Beide spelers misten hier} 32. Qa2 $1 {
met pionwinst en een gewonnen stelling.}) 32... Nc6 33. Qb3 {met remiseaanbod.
Tamelijk absurd dat ik weiger. Als iemand kansen heeft is het wit.} Ne7 34. Qc3
(34. Ne2 $5) 34... Bh6 35. Ne2 Qc6 {En hier bood ik maar remise aan dat Hans
meteen aannam. Ik hoorde na afloop van iemand dat Hans begonnen was met 3
remises, toen 2x gewonnen en hoopte dat hij tegen mij remise zou houden. Hij
was namelijk nog nooit in een weekendtoernooi ongeslagen gebleven.} 1/2-1/2

[Event "Amsterdam SPA"]
[Site "?"]
[Date "2017.07.08"]
[Round "1"]
[White "Henseler, Jorgen"]
[Black "Witt, Rob"]
[Result "1-0"]
[WhiteElo "2010"]
[BlackElo "2166"]
[Annotator "Witt"]
[PlyCount "57"]
[EventDate "2017.??.??"]

{Ik kende mijn tegenstander alleen van naam en had geen idee wat hij speelde.
De indeling voor de eerste ronde is ook pas kort voor het begin bekend.} 1. e4
e6 2. d4 d5 3. Nc3 Nf6 4. Bg5 Be7 5. e5 Nfd7 6. h4 {De Chatard-Aljechin. Ik
heb een aantal jaren geleden het riskant 6..... 0-0 voorbereid naar aanleiding
van een partij van Wesley So. Maar daar weet ik niets meer van.} h6 {Ik meende
me ter herinneren dat dit een redelijk veilige speelwijze is., maar verdere
kennis ontbreekt.} 7. Bxe7 Qxe7 8. Qg4 O-O 9. f4 f5 $6 {Dit speelt vrijwel
niemand.} ({Normaal is} 9... c5 {Ik had er even naar gekeken, maar dacht dat}
10. f5 {misschien lastig was, maar dat slaat helemaal nergens op na simpel}
exf5 11. Nxd5 Qe6 12. Qf3 cxd4 $19) 10. exf6 $2 {En dit speelt helemaal
niemand.} Qxf6 ({Ik weet niet waarom ik de tekstzet beter vond dan} 10... Nxf6
11. Qf3 c5 {Zwart kan zeer tevreden zijn.}) 11. Nge2 c5 12. O-O-O a6 $2 {
Overbodig tijdverlies. Ik zit duidelijk niet in de partij.} ({Ik verwierp ten
onrechte} 12... Nc6 {wegens} 13. Nb5 $2 {maar mis hier} Nb6 {want} 14. dxc5 $2
{faalt op} Nc4) 13. dxc5 Nxc5 14. Qf3 {Wit gaat met g4 komen en staat
duidelijk beter. Ik moet ook letten op wendingen met Pxd5.} Bd7 {Na een
kwartier.} 15. Qe3 $1 ({Nog sterker dan meteen} 15. g4 {wat rommelig wordt na}
Bc6 16. g5 d4 (16... hxg5 $2 17. hxg5 Qxg5 18. Qe3 $18) 17. gxf6 Bxf3 18. fxg7
Re8 19. Rh3 dxc3 20. Rxf3 cxb2+ 21. Kxb2) 15... Na4 16. Nxa4 Bxa4 17. Kb1 ({
Ik weet niet waarom Jorgen niet meteen} 17. g4 $1 {speelt.}) 17... Nc6 18. g4
Qg6 ({Stockfish geeft als relatief beste zet} 18... Nb4 19. Nd4 ({Vooral niet} 
19. b3 $2 Qa1+ $1 {Zou Jorgen dat gezien hebben? Ik niet. Anders had ik wel zo
gespeeld.}) 19... Rac8 20. b3 Bd7 21. Qd2 $14) 19. b3 Bb5 20. Bh3 $2 {Na 4
minuten een zet die het voordeel weggeeft.} ({Na} 20. g5 {heeft zwart het
moeilijk.}) 20... Bxe2 21. Qxe2 {Na 6 minuten.} ({Hij zal gekeken hebben naar} 
21. f5 {en om onbekende redenen verworpen. Ik plande} exf5 22. Qxe2 fxg4 {
met winstkansen.}) 21... Rxf4 22. g5 (22. Qe3 Raf8) 22... Re4 $2 {A tempo
gespeeld. Ik dacht dat ik dat had afgeleerd.} ({Veel sterker en niet moeilijk
te zien als ik even had nagedacht, was} 22... Nd4 $1 {en wit moet kiezen
tussen twee damezetten die beide goed uitpakken voor zwart of een kwaliteit
offeren, maar dat is ook goed voor zwart.} 23. Qd2 (23. Qd3 Qxd3 24. Rxd3 hxg5
25. hxg5 Kf7 $17) (23. Rxd4 Rxd4 24. Bxe6+ Kh8 $17) 23... Raf8 $17) 23. Qd2 {
Ik dacht in eerste instantie dat ik heel goed stond, maar na ruim 10 minuten
concludeerde ik dat het allerminst duidelijk was.} Rf8 {Dit is nog wel goed
maar met een verkeerde bedoeling.} 24. Rhe1 Rff4 $2 {Overziet wit's volgende
zet.} ({Noodzakelijk was eerst} 24... hxg5 {met onduidelijke stelling.}) 25. h5
$1 {Na 6 minuten deze goede zet die ik inmiddels ook gezien had.} Qf7 $2 {
Bijna a tempo weer een rotzet.} ({Noodzakelijk was} 25... Qxg5 26. Bxe6+ Kh7 {
maar als er iemand beter staat is het wit.}) 26. gxh6 $18 {Het is uit.} gxh6 $2
{Versnelt het einde.} (26... Rxe1 27. Rxe1 Rf6 28. Qg5 Kh8 29. Rxe6 Rxe6 30.
Bxe6 $18) 27. Rxe4 dxe4 28. Bxe6 Qxe6 29. Qxf4 {En ik gaf op met de woorden
'dat had ik vast beter kunnen spelen'. 'Dat lijkt me ook', antwoordde hij
droog.} 1-0

[Event "Amsterdam SPA"]
[Site "?"]
[Date "2017.07.09"]
[Round "2"]
[White "Witt, Rob"]
[Black "Bodicker, Rob"]
[Result "1/2-1/2"]
[WhiteElo "2166"]
[BlackElo "2076"]
[Annotator "Witt"]
[PlyCount "46"]
[EventDate "2017.??.??"]

1. d4 c5 ({Ik had de Benoni Wall voorbereide in de volgorde} 1... Nf6 2. c4 c5
3. d5 e5 {en ook het Tarrasch Gambiet.}) 2. d5 e5 3. e4 d6 {Voor het bord
besloot ik van mijn voorbereiding af te wijken omdat ik me meende te
herinneren dat een aanpak zonder c4 ook goed aangeschreven stond.} 4. Bb5+ {
Dit blijkt Avrukh aan te bevelen.} (4. Nc3 {wordt 5x zo vaak gespeeld.}) 4...
Nd7 5. a4 Ngf6 6. Nc3 Be7 7. Nf3 O-O 8. O-O Ne8 9. Nd2 {Dit paard moet een
keer naar c4. Er was ook iets voor te zeggen om eerst mijn loper terug te
halen.} g6 ({Een andere mogelijkheid was} 9... Bg5 {Ik wist nog niet zeker of
ik dan zou vervolgen met} 10. Nc4 ({of} 10. Bd3) 10... Bxc1 11. Qxc1) 10. Nc4 {
Beide spelers hebben voortdurend allerlei mogelijke zetten/plannen. Het heeft
weinig zin om die allemaal te analyseren.} ({Avrukh gaat verder met} 10. a5)
10... a6 11. Bxd7 Bxd7 12. a5 Bb5 13. Nxb5 ({Ik had ook vrij lang gekeken naar
} 13. b3) 13... axb5 14. Nb6 Rb8 (14... Ra6) 15. Bh6 Ng7 16. Qe2 Qe8 17. b4 {
Ik vond dit zelf wel origineel bedacht en Stockfish keurt het goed.} c4 {
Ik hoopte in de toekomst een keer a6 te kunnen spelen.} 18. f3 ({Mijn
alternatief was} 18. f4 exf4 (18... Bd8 19. f5 {leek me heel goed voor wit.})
19. Bxf4 Rd8 {Maar ik kon dit niet goed beoordelen. De zwarte loper gaat ook
meedoen en mijn paard staat wat afzijdig.}) 18... f5 19. Be3 Bd8 20. g4 Bxb6 {
Zwart had hier ook mee kunnen wachten.} 21. Bxb6 (21. axb6 {heeft volgens mij
geen zin. De zwarte pionnen op b5 en b7 zijn makkelijk te dekken en kunnen
maar 1 keer aangevallen worden.}) 21... Qd7 22. c3 {Op dit moment werden alle
spelers verzocht om de klok stil te zetten omdat iemand een hartaanval had
gekregen. Na een half uurtje konden de partijen weer hervat worden.} Rf7 23.
Be3 Ra8 {Deze zet liet Rob Bodicker vergezeld gaan met een remiseaanbod. Na
een klein kwartiertje nam ik het aan omdat ik geen concrete winstpoging zag en
dan kan je beter stoppen. Volgens Stockfish hebben we allebei geen gekke
dingen gedaan en dat is al heel wat.} 1/2-1/2

[Event "Amsterdam SPA"]
[Site "?"]
[Date "2017.07.10"]
[Round "4"]
[White "Ritsema, Ronald"]
[Black "Witt, Rob"]
[Result "0-1"]
[WhiteElo "2073"]
[BlackElo "2166"]
[Annotator "Witt"]
[PlyCount "100"]
[EventDate "2017.??.??"]

1. d4 Nf6 2. c4 e6 3. g3 d5 4. Nf3 dxc4 5. Bg2 Nc6 6. O-O {Kennelijk kan dit
ook.} ({Ik weet alleen iets van} 6. Qa4 {wat twee keer zo vaak gespeeld wordt.}
) 6... a6 {Hier dacht Ronald een paar minuten na. Hij heeft de keus uit
diverse zetten.} ({Ik wist niet dat vrijwel iedereen hier} 6... Rb8 {speelt.})
7. Ne5 $6 {Maar dit is een van de minste al is het wel speelbaar.} (7. e3) (7.
Nc3) (7. Bg5) 7... Nxe5 8. dxe5 Qxd1 9. Rxd1 Nd7 10. f4 $6 ({Beter lijkt} 10.
Bf4 Rb8 11. Nd2 (11. a4 Bb4 12. Nd2 c3 13. bxc3 Bxc3 14. Rac1 Bxe5 15. Bxe5
Nxe5 16. Rxc7 O-O $13 {0-1 (28) Aulinger,R (2130)-Naiditsch,A (2524) Fuerth
2001}) 11... b5 12. a4 Bb4 13. axb5 axb5 14. Bc6 O-O 15. Nxc4 bxc4 16. Bxd7 $13
{1/2-1/2 (35) Ioseliani,N (2500)-Maric,A (2460) Belgrade 1996}) 10... Rb8 {
Ik zag niet zo het nut van een tussenschaakje omdat ik eventueel mijn paard op
c5 wil hebben.} (10... Bc5+ 11. Kf1 Rb8 12. a4 Ke7 13. Nd2 b5 14. axb5 axb5 15.
b3 $13 {1/2-1/2 (25) Banos,O (2260)-Granados Gomez,M (2417) Figueres 2007}) 11.
a4 $6 {Volgens verwachting, maar minder goed leek me.} ({Op} 11. Be3 {plande
ik wel} Bc5 12. Bxc5 Nxc5 $13) 11... Nc5 $146 ({Ik zie nog drie partijen met} 
11... Bc5+ {bijv.} 12. Kf1 f6 $5 {werd gespeeld door 2600+ Korneev. Daar zou
ik niet zo gauw opkomen.}) 12. Be3 Bd7 {Na een kwartier.} 13. Nc3 {Ook na een
kwartier. Ik was inmiddels zeer tevreden met mijn stelling.} Nb3 14. Ra2 Bb4 ({
Ik heb ook even naar 'cool'} 14... h5 $5 {gekeken, maar ik besloot toch maar
iets aan mijn ontwikkeling te doen.}) 15. Ba7 Ra8 16. Bf2 Na5 17. Ne4 {Dit
lost niets op, maar goede raad is al duur.} Bc6 18. Nc5 Bxg2 19. Kxg2 Rd8 {
Dit leek me goed.} ({Ik heb daarom niet gekeken naar het veel sterkere} 19...
Bxc5 $1 20. Bxc5 Nb3 21. Be3 {of andere loperzetten.} b6 {en dan pas Td8.
Zwart staat op winst.}) 20. Raa1 Ke7 $2 ({Opnieuw was} 20... Bxc5 $1 {de
aangewezen zet.} 21. Bxc5 Nb3 22. Rxd8+ Kxd8 23. Rd1+ Kc8 $19) 21. g4 $1 {
Ik had dit wel gezien maar onderschat.} Rxd1 ({Je fout bekennen met} 21... Ke8
$1 {was het beste volgens de engine.}) 22. Rxd1 Rc8 23. f5 $1 {Het is ineens
niet meer zo duidelijk. Beide spelers hebben nog een half uur.} Bxc5 24. Bxc5+
Ke8 25. fxe6 fxe6 26. Rf1 Nb3 27. Rf8+ Kd7 28. Rf7+ Kc6 29. Bb4 {Het is
spannend geworden. Ik vroeg me tevergeefs af hoe het zover had kunnen komen.
Na een kwartiertje besloot ik maar mijn koningsvleugel te offeren.} Nc5 {
De tweede keus van Stockfish.} ({De eerste keus was} 29... a5 30. Bc3 b6 {
Dit leek me teveel tijd te kosten maar is bij nader inzien heel goed.} 31. Rxg7
Nc5) 30. Rxg7 {Ook na een kwartier.} ({Ik verwachtte} 30. a5 Na4 31. Rxg7 Nxb2
32. Rxh7 {en dat lijkt ook beter.}) (30. Bxc5 Kxc5 {taxeerde ik als gewonnen
voor zwart.}) 30... Nxa4 31. Rxh7 Kd5 $2 {Intuïtief gespeeld maar kennelijk
niet goed. De tijd ontbreekt me om dit hondsmoeilijke eindspel goed te
analyseren.} (31... Nxb2 32. g5 Nd1 {was het beste.}) 32. g5 $6 (32. Kf3 $5)
32... b5 (32... c5 $5) 33. Rd7+ $6 (33. h4 $5) (33. Kf3) 33... Kxe5 34. g6 $2 {
Ronald oogt wat paniekerig hoewel hij nog 6 minuten heeft tot de 40e zet.
Zwart staat hierna op winst.} (34. h4) 34... Rg8 (34... Kf6 $1) 35. g7 (35.
Rxc7) 35... c5 36. Be1 Kf6 37. Bh4+ Kg6 38. Bg3 Rxg7 39. Rd6 Kf5 40. Kf3 Nxb2 {
Allebei een half uur erbij. Het kwaad is echter al geschied (voor wit dan).}
41. e4+ Kf6 42. Bh4+ Ke5 43. Rxa6 Nd3 44. Ke3 Rg2 45. Bd8 b4 46. Ba5 Rc2 (46...
b3 $4 47. Bc3#) 47. h4 b3 48. Rb6 b2 49. h5 Nb4 50. Rb7 {Een laatste truc.}
Rc3+ (50... b1=Q $4 51. Bc7+ Kf6 52. Bd8+) 0-1